[Event "Giraldilla de La Habana tt"]
[Site "Havana"]
[Date "2018.??.??"]
[Round "6.5"]
[White "Machado la Rosa, Adrian"]
[Black "Morales Garcia, Alexei"]
[Result "1/2-1/2"]
[WhiteElo "2182"]
[BlackElo "2131"]
[PlyCount "112"]
[EventDate "2018.07.27"]
[EventType "team-tourn"]
[EventRounds "9"]
[EventCountry "CUB"]
[SourceTitle "EXT 2021"]
[Source "ChessBase"]
[SourceDate "2020.10.23"]
[SourceVersion "1"]
[SourceVersionDate "2020.10.23"]
[SourceQuality "1"]

1. e4 c5 2. Nf3 d6 3. d4 cxd4 4. Nxd4 Nf6 5. Nc3 g6 6. Be2 Bg7 7. 0-0 0-0 8. Re1 Nc6 9. Nb3 Be6 10. Bf1 Rc8 11. Nd5 Re8 12. c3 Ne5 13. Bg5 Bg4 14. f3 Nxd5 15. exd5 Bd7 16. Qe2 a5 17. Qe3 a4 18. Nd2 a3 19. b4 b5 20. h3 Qc7 21. f4 Nc4 22. Bxc4 bxc4 23. Nf3 e6 24. dxe6 Rxe6 25. Qd2 h6 26. Bh4 Rce8 27. Rxe6 Rxe6 28. f5 gxf5 29. Nd4 Rg6 30. Rf1 f4 31. Kh1 Qb7 32. Kh2 Be5 33. Nf3 Bc6 34. Rf2 Bxf3 35. Rxf3 Qe4 36. Bf2 Qb1 37. Qe2 Rg3 38. Qxc4 Rxf3 39. gxf3 Qc2 40. Kg1 Bxc3 41. b5 Qb1+ 42. Kg2 Bd2 43. Qc8+ Kh7 44. b6 Be3 45. Bxe3 fxe3 46. b7 Qb2+ 47. Kg3 e2 48. Kf2 Qd2 49. Qf5+ Kg7 50. Qg4+ Kf6 51. Qh4+ Ke6 52. Qe4+ Kd7 53. Qf5+ Kc6 54. Qc8+ Kd5 55. Qf5+ Kc6 56. Qc8+ Kd5 1/2-1/2

[Event "Giraldilla de La Habana tt"]
[Site "Havana"]
[Date "2018.??.??"]
[Round "3.2"]
[White "Machado la Rosa, Adrian"]
[Black "Rodriguez Balart, Alain"]
[Result "1/2-1/2"]
[WhiteElo "2182"]
[BlackElo "2120"]
[PlyCount "83"]
[EventDate "2018.07.27"]
[EventType "team-tourn"]
[EventRounds "9"]
[EventCountry "CUB"]
[SourceTitle "EXT 2021"]
[Source "ChessBase"]
[SourceDate "2020.10.23"]
[SourceVersion "1"]
[SourceVersionDate "2020.10.23"]
[SourceQuality "1"]

1. e4 e5 2. Nf3 Nc6 3. Bb5 a6 4. Ba4 Nf6 5. 0-0 Be7 6. Qe2 b5 7. Bb3 0-0 8. c3 d5 9. d3 Re8 10. Nbd2 Bf8 11. a3 h6 12. Re1 Be6 13. Bc2 Qd7 14. b4 Rad8 15. Bb2 Bg4 16. h3 Bh5 17. Bb3 dxe4 18. dxe4 Qd3 19. g4 Qxe2 20. Rxe2 Bg6 21. a4 Rd3 22. Kg2 Rd6 23. Bc2 Rdd8 24. Nb1 Bxb4 25. axb5 axb5 26. cxb4 Nxb4 27. Na3 Nxc2 28. Rxc2 Bxe4 29. Re2 Rd3 30. Re3 Rxe3 31. fxe3 c6 32. Kg3 Bd5 33. Nxe5 Ne4+ 34. Kh2 f6 35. Nd3 Ng5 36. Nc2 Be4 37. Nde1 Rd8 38. Bc3 c5 39. h4 Nf7 40. Kg3 b4 41. Nxb4 cxb4 42. Bxb4 1/2-1/2

[Event "Giraldilla de La Habana tt"]
[Site "Havana"]
[Date "2018.??.??"]
[Round "8.4"]
[White "Machado la Rosa, Adrian"]
[Black "Santander Valle, David A"]
[Result "1/2-1/2"]
[WhiteElo "2182"]
[BlackElo "2099"]
[PlyCount "76"]
[EventDate "2018.07.27"]
[EventType "team-tourn"]
[EventRounds "9"]
[EventCountry "CUB"]
[SourceTitle "EXT 2021"]
[Source "ChessBase"]
[SourceDate "2020.10.23"]
[SourceVersion "1"]
[SourceVersionDate "2020.10.23"]
[SourceQuality "1"]

1. e4 Nf6 2. e5 Nd5 3. d4 d6 4. c4 Nb6 5. exd6 cxd6 6. Nf3 Bg4 7. h3 Bxf3 8. Qxf3 Nc6 9. Be3 g6 10. Nc3 Bg7 11. Rd1 Qc7 12. c5 dxc5 13. Nb5 Qc8 14. dxc5 Nd7 15. Qe4 0-0 16. Be2 Nf6 17. Qc4 a6 18. Nc3 Ne5 19. Qb3 Qc6 20. 0-0 Rad8 21. f4 Ned7 22. Bf3 Qc7 23. Qxb7 Qa5 24. c6 Rb8 25. Qa7 Ra8 26. Qd4 Ng4 27. Qd5 Qxd5 28. Nxd5 Nxe3 29. Nxe3 Nc5 30. Nd5 Ra7 31. b4 Ne6 32. a4 Nd4 33. c7 Kh8 34. Rc1 Rc8 35. Nxe7 Rcxc7 36. Nd5 Nxf3+ 37. gxf3 Bd4+ 38. Kg2 Rd7 1/2-1/2

[Event "Havana Province-ch sf Fase 1"]
[Site "Havana"]
[Date "2010.05.17"]
[Round "9"]
[White "Espinosa Garcia, Sandra"]
[Black "Machado la Rosa, Adrian"]
[Result "1/2-1/2"]
[WhiteElo "2134"]
[BlackElo "2244"]
[PlyCount "47"]
[EventDate "2010.05.05"]
[EventType "swiss"]
[EventRounds "9"]
[EventCountry "CUB"]
[EventCategory "1"]
[SourceTitle "EXT 2019"]
[Source "ChessBase"]
[SourceDate "2018.10.10"]
[SourceVersion "1"]
[SourceVersionDate "2018.10.10"]
[SourceQuality "1"]

1. d4 Nf6 2. c4 e6 3. Nc3 Bb4 4. Qc2 0-0 5. a3 Bxc3+ 6. Qxc3 b5 7. e3 bxc4 8. Bxc4 Bb7 9. Nf3 d6 10. 0-0 Nbd7 11. b4 Nb6 12. Be2 Ne4 13. Qc2 f5 14. Ne1 a5 15. f3 Nf6 16. b5 Rf7 17. Nd3 Nh5 18. Bd2 Qh4 19. Nb2 f4 20. e4 Ng3 21. Rfe1 d5 22. e5 Nxe2+ 23. Rxe2 a4 24. Bb4 1/2-1/2

[Event "Havana Province-ch sf Fase 1"]
[Site "Havana"]
[Date "2010.05.16"]
[Round "8"]
[White "Machado la Rosa, Adrian"]
[Black "Ibanez Milian, Dagoberto"]
[Result "0-1"]
[WhiteElo "2244"]
[BlackElo "2244"]
[PlyCount "57"]
[EventDate "2010.05.05"]
[EventType "swiss"]
[EventRounds "9"]
[EventCountry "CUB"]
[EventCategory "1"]
[SourceTitle "EXT 2019"]
[Source "ChessBase"]
[SourceDate "2018.10.10"]
[SourceVersion "1"]
[SourceVersionDate "2018.10.10"]
[SourceQuality "1"]

1. e4 c5 2. Nf3 a6 3. c4 d6 4. d4 cxd4 5. Nxd4 Nf6 6. Nc3 g6 7. Be2 Bg7 8. Be3 b6 9. 0-0 Bb7 10. f3 Nbd7 11. a4 0-0 12. a5 bxa5 13. Nb3 Rb8 14. Nxa5 Ba8 15. Qd2 Nc5 16. Ra3 Nfd7 17. Rb1 Rb4 18. Na2 Rb8 19. b4 f5 20. exf5 gxf5 21. Rd1 Ne6 22. c5 Ne5 23. cxd6 exd6 24. Ba7 Rc8 25. Bxa6 Qe7 26. Bb6 Kh8 27. Nb7 Bxb7 28. Bxb7 Nc4 29. Qd3 0-1

[Event "Havana Province-ch sf Fase 1"]
[Site "Havana"]
[Date "2010.05.15"]
[Round "7"]
[White "Fernandez Guillen, Ernesto J"]
[Black "Machado la Rosa, Adrian"]
[Result "1-0"]
[WhiteElo "2214"]
[BlackElo "2244"]
[PlyCount "97"]
[EventDate "2010.05.05"]
[EventType "swiss"]
[EventRounds "9"]
[EventCountry "CUB"]
[EventCategory "1"]
[SourceTitle "EXT 2019"]
[Source "ChessBase"]
[SourceDate "2018.10.10"]
[SourceVersion "1"]
[SourceVersionDate "2018.10.10"]
[SourceQuality "1"]

1. e4 e5 2. Nf3 Nc6 3. Bc4 Nf6 4. d3 h6 5. 0-0 d6 6. c3 g6 7. Re1 Bg7 8. Nbd2 0-0 9. Nf1 Na5 10. Bb5 a6 11. Ba4 b5 12. Bc2 c5 13. a4 Bb7 14. axb5 axb5 15. h3 Nc6 16. Be3 Rxa1 17. Qxa1 Re8 18. Ng3 Qc7 19. Qc1 Kh7 20. Nh4 Ng8 21. Nf3 Nf6 22. Bb1 Qe7 23. Nh2 b4 24. f4 bxc3 25. bxc3 exf4 26. Bxf4 d5 27. Nf3 dxe4 28. dxe4 Nd7 29. Nf5 Qf8 30. Nd6 Rb8 31. e5 Ba8 32. e6 fxe6 33. Rxe6 Ne7 34. Be4 Bxe4 35. Nxe4 Re8 36. Bd6 Qf5 37. Bxe7 Kg8 38. Nxc5 Nxc5 39. Re3 Ne4 40. Bb4 Rc8 41. Qe1 Nf6 42. Nd4 Qd5 43. Re5 Qc4 44. Ne6 Bh8 45. Rc5 Rxc5 46. Nxc5 Nd5 47. Qe8+ Kh7 48. Qf7+ Bg7 49. Ne6 1-0

[Event "Havana Province-ch sf Fase 1"]
[Site "Havana"]
[Date "2010.05.07"]
[Round "2"]
[White "Machado la Rosa, Adrian"]
[Black "Perera Alfonso, Rene Humberto"]
[Result "1-0"]
[WhiteElo "2244"]
[BlackElo "2067"]
[PlyCount "135"]
[EventDate "2010.05.05"]
[EventType "swiss"]
[EventRounds "9"]
[EventCountry "CUB"]
[EventCategory "1"]
[SourceTitle "EXT 2019"]
[Source "ChessBase"]
[SourceDate "2018.10.10"]
[SourceVersion "1"]
[SourceVersionDate "2018.10.10"]
[SourceQuality "1"]

1. e4 c5 2. Nf3 d6 3. d4 cxd4 4. Nxd4 Nf6 5. Nc3 g6 6. Be3 Bg7 7. f3 0-0 8. Qd2 Nc6 9. Bc4 Bd7 10. 0-0-0 Rc8 11. Bb3 Nxd4 12. Bxd4 b5 13. Bxa7 b4 14. Ne2 Qa5 15. Bd4 Ba4 16. Kb1 Bxb3 17. cxb3 Ra8 18. a4 bxa3 19. Qxa5 Rxa5 20. bxa3 Rxa3 21. Kb2 Ra5 22. Nc3 Nd7 23. b4 Raa8 24. Nd5 Bxd4+ 25. Rxd4 e6 26. Ne7+ Kg7 27. Rxd6 Ne5 28. Kb3 Rfe8 29. Nc6 Ra6 30. b5 Rb8 31. Nxb8 Rxd6 32. Na6 Rd3+ 33. Kc2 Ra3 34. Rb1 Nc4 35. Rb4 Nb6 36. Nc5 Kf6 37. Kb2 Ra7 38. f4 e5 39. g3 exf4 40. gxf4 Ke7 41. Rd4 Ra5 42. Rb4 Ra7 43. Na6 f5 44. exf5 gxf5 45. Rd4 Ke6 46. Kb3 Rg7 47. Kb4 Rg2 48. Nc5+ Kf7 49. Ka5 Nc8 50. b6 Nxb6 51. Kxb6 Rxh2 52. Nd7 h5 53. Kc6 h4 54. Ne5+ Ke7 55. Rd7+ Ke6 56. Rd6+ Ke7 57. Rh6 h3 58. Nf3 Rh1 59. Kd5 Kf7 60. Ng5+ Kg7 61. Rxh3 Re1 62. Rg3 Kh6 63. Nf7+ Kh5 64. Rg5+ Kh4 65. Rxf5 Rc1 66. Ne5 Rf1 67. Ng6+ Kh3 68. Rh5+ 1-0

[Event "Havana Province-ch sf Fase 1"]
[Site "Havana"]
[Date "2010.05.05"]
[Round "1"]
[White "Hernandez Barreras, Yerandy Jose"]
[Black "Machado la Rosa, Adrian"]
[Result "1/2-1/2"]
[WhiteElo "2148"]
[BlackElo "2244"]
[PlyCount "76"]
[EventDate "2010.05.05"]
[EventType "swiss"]
[EventRounds "9"]
[EventCountry "CUB"]
[EventCategory "1"]
[SourceTitle "EXT 2019"]
[Source "ChessBase"]
[SourceDate "2018.10.10"]
[SourceVersion "1"]
[SourceVersionDate "2018.10.10"]
[SourceQuality "1"]

1. e4 e5 2. Nf3 Nc6 3. d4 exd4 4. Bc4 Nf6 5. e5 d5 6. Bb5 Ne4 7. Nxd4 Bd7 8. Bxc6 bxc6 9. 0-0 Bc5 10. Be3 Bb6 11. f3 Ng5 12. Qd2 h6 13. Nb3 Qe7 14. Re1 0-0 15. Nc3 Bf5 16. Na4 Ne6 17. Qc3 Qh4 18. Qxc6 Bxe3+ 19. Rxe3 Bxc2 20. Nac5 Bxb3 21. Nxb3 Rfd8 22. Rd1 Qg5 23. Ree1 Rab8 24. g3 d4 25. Qe4 c5 26. f4 Qh5 27. Rc1 d3 28. Red1 Rb4 29. Qe1 Rxb3 30. axb3 Nd4 31. Rxd3 Ne2+ 32. Qxe2 Qxe2 33. Rxd8+ Kh7 34. Ra1 Qxb2 35. Rxa7 c4 36. Rxf7 c3 37. Rc7 c2 38. Rdc8 Qd4+ 1/2-1/2

[Event "Havana Provincial-ch final"]
[Site "Havana"]
[Date "2009.11.01"]
[Round "13"]
[White "Machado la Rosa, Adrian"]
[Black "Alarcon Casellas, Rolando"]
[Result "1/2-1/2"]
[WhiteElo "2243"]
[BlackElo "2375"]
[PlyCount "54"]
[EventDate "2009.10.16"]
[EventType "tourn"]
[EventRounds "17"]
[EventCountry "CUB"]
[SourceTitle "CBM 133 Extra"]
[Source "ChessBase"]
[SourceDate "2010.01.05"]
[SourceVersion "1"]
[SourceVersionDate "2010.01.05"]
[SourceQuality "1"]

1. e4 e6 2. d4 d5 3. Nc3 Bb4 4. e5 c5 5. a3 Bxc3+ 6. bxc3 Ne7 7. Qg4 0-0 8. Bd3 Qa5 9. Bd2 Nbc6 10. Nf3 f5 11. exf6 Rxf6 12. Qh5 Nf5 13. g4 c4 14. gxf5 cxd3 15. Rg1 Bd7 16. Qg5 Rf7 17. f6 Qd8 18. Ne5 Nxe5 19. dxe5 dxc2 20. Be3 Qc7 21. Bd4 Bb5 22. Kd2 Qc4 23. Qe3 Kh8 24. f4 Re8 25. h4 c1Q+ 26. Kxc1 Qd3 27. Qxd3 Bxd3 1/2-1/2

[Event "Havana Provincial-ch final"]
[Site "Havana"]
[Date "2009.10.27"]
[Round "9"]
[White "Machado la Rosa, Adrian"]
[Black "Fernandez Cardoso, Alexey"]
[Result "0-1"]
[WhiteElo "2243"]
[BlackElo "2419"]
[PlyCount "68"]
[EventDate "2009.10.16"]
[EventType "tourn"]
[EventRounds "17"]
[EventCountry "CUB"]
[SourceTitle "CBM 133 Extra"]
[Source "ChessBase"]
[SourceDate "2010.01.05"]
[SourceVersion "1"]
[SourceVersionDate "2010.01.05"]
[SourceQuality "1"]

1. e4 c5 2. Nf3 Nc6 3. d4 cxd4 4. Nxd4 Nf6 5. Nc3 e5 6. Ndb5 d6 7. Bg5 a6 8. Na3 b5 9. Nd5 Be7 10. Bxf6 Bxf6 11. c3 Bg5 12. Nc2 Ne7 13. Ncb4 0-0 14. a4 bxa4 15. Rxa4 a5 16. Nxe7+ Qxe7 17. Nd5 Qb7 18. Ra2 f5 19. Bc4 Kh8 20. exf5 Bxf5 21. 0-0 Rac8 22. b3 Rc5 23. f4 exf4 24. Qd4 Be6 25. Nxf4 Bxf4 26. Bxe6 Bxh2+ 27. Kxh2 Rxf1 28. Qxd6 Rh5+ 29. Bh3 Qf7 30. Re2 Qf8 31. Qc7 Rd5 32. Bd7 Rxd7 33. Qxd7 Qf4+ 34. g3 Qh6+ 0-1

[Event "Havana Provincial-ch final"]
[Site "Havana"]
[Date "2009.10.23"]
[Round "6"]
[White "Rodriguez, Victor"]
[Black "Machado la Rosa, Adrian"]
[Result "1-0"]
[WhiteElo "2339"]
[BlackElo "2243"]
[PlyCount "119"]
[EventDate "2009.10.16"]
[EventType "tourn"]
[EventRounds "17"]
[EventCountry "CUB"]
[SourceTitle "CBM 133 Extra"]
[Source "ChessBase"]
[SourceDate "2010.01.05"]
[SourceVersion "1"]
[SourceVersionDate "2010.01.05"]
[SourceQuality "1"]

1. d4 d5 2. Nf3 Nf6 3. Bf4 c5 4. e3 Nc6 5. Be2 Qb6 6. Nc3 a6 7. 0-0 cxd4 8. exd4 e6 9. a3 Be7 10. b4 Ne4 11. Qd3 Nxc3 12. Qxc3 Bd7 13. Qe3 0-0 14. Bd3 Rfe8 15. Rfe1 Bf6 16. c3 Rac8 17. Bg5 Qd8 18. Bxf6 Qxf6 19. Rac1 Rc7 20. Bb1 Ne7 21. Ne5 Ng6 22. Qh3 Nf8 23. Re3 Qe7 24. Qh5 g6 25. Qh6 Rec8 26. f4 f6 27. Nf3 Qg7 28. Qh4 h6 29. Qf2 b5 30. h4 h5 31. Nd2 Re8 32. Rce1 Rec8 33. Qg3 Be8 34. Nb3 Bf7 35. Nc5 Rc6 36. Qf2 R8c7 37. Qd2 Nd7 38. Nxe6 Bxe6 39. Rxe6 Nf8 40. Rxc6 Rxc6 41. Ba2 Qd7 42. Qd3 Re6 43. Rxe6 Qxe6 44. Kf2 Qd6 45. Qf3 Kg7 46. Bxd5 Nd7 47. f5 Nf8 48. Bb3 gxf5 49. Qg3+ Qxg3+ 50. Kxg3 Ng6 51. Bd5 f4+ 52. Kh3 Ne7 53. Bf3 Kh6 54. g4 Nc8 55. gxh5 f5 56. Kg2 Nd6 57. Kf2 Nc4 58. Be2 Nd6 59. Bd3 Kxh5 60. Kf3 1-0

[Event "Havana Provincial-ch final"]
[Site "Havana"]
[Date "2009.10.16"]
[Round "1"]
[White "Machado la Rosa, Adrian"]
[Black "Martinez Cabrera, Pastor"]
[Result "1/2-1/2"]
[WhiteElo "2243"]
[BlackElo "2139"]
[PlyCount "62"]
[EventDate "2009.10.16"]
[EventType "tourn"]
[EventRounds "17"]
[EventCountry "CUB"]
[SourceTitle "CBM 133 Extra"]
[Source "ChessBase"]
[SourceDate "2010.01.05"]
[SourceVersion "1"]
[SourceVersionDate "2010.01.05"]
[SourceQuality "1"]

1. e4 e5 2. Nf3 Nf6 3. Nxe5 d6 4. Nf3 Nxe4 5. d4 d5 6. Bd3 Bd6 7. 0-0 0-0 8. c4 c6 9. cxd5 cxd5 10. Nc3 Nxc3 11. bxc3 Bg4 12. Rb1 Nd7 13. h3 Bh5 14. Rb5 Nb6 15. c4 Bxf3 16. Qxf3 dxc4 17. Bc2 Qd7 18. a4 g6 19. Be3 Rac8 20. Rfb1 Rc7 21. a5 Na8 22. Rxb7 a6 23. Bh6 Re8 24. Rb8 Rcc8 25. Qf6 Bf8 26. Rxc8 Rxc8 27. Bxf8 Rxf8 28. Qxa6 Qxd4 29. Qc6 Qd2 30. Be4 Qxa5 31. Qxc4 Nc7 1/2-1/2

[Event "Havana Province-ch sf"]
[Site "Havana"]
[Date "2009.08.02"]
[Round "8"]
[White "Machado la Rosa, Adrian"]
[Black "Fernandez Hernandez, Arturo Augusto"]
[Result "1/2-1/2"]
[WhiteElo "2244"]
[BlackElo "2270"]
[PlyCount "86"]
[EventDate "2009.07.23"]
[EventType "swiss"]
[EventRounds "9"]
[EventCountry "CUB"]
[EventCategory "1"]
[SourceTitle "EXT 2018"]
[Source "ChessBase"]
[SourceDate "2017.10.13"]
[SourceVersion "1"]
[SourceVersionDate "2017.10.13"]
[SourceQuality "1"]

1. e4 c5 2. Nf3 d6 3. d4 cxd4 4. Nxd4 Nf6 5. Nc3 a6 6. h3 e6 7. g4 d5 8. exd5 Nxd5 9. Nde2 Bb4 10. Bd2 Nxc3 11. Bxc3 Bxc3+ 12. Nxc3 Qb6 13. Qd2 Qxb2 14. Rb1 Qa3 15. Bg2 Nc6 16. 0-0 0-0 17. Rfd1 Ne5 18. Rb3 Qe7 19. Qd4 Nc6 20. Bxc6 bxc6 21. Qd6 Ra7 22. Ne4 e5 23. Nc5 h5 24. Qxe7 Rxe7 25. gxh5 Bf5 26. Rc3 Rb8 27. Rd6 Rb6 28. Rd8+ Kh7 29. Ra8 Rb1+ 30. Kg2 Rb2 31. Rxa6 Bxc2 32. a4 e4 33. Kg3 Kh6 34. Rxc6+ Kxh5 35. a5 g5 36. Rf6 Rc7 37. Nxe4 Rxc3+ 38. Nxc3 Rb3 39. Rc6 Be4 40. Rc4 f5 41. f4 Ra3 42. fxg5 Kxg5 43. h4+ Kh5 1/2-1/2

[Event "Havana Province-ch sf"]
[Site "Havana"]
[Date "2009.07.31"]
[Round "6"]
[White "Martinez Cabrera, Pastor"]
[Black "Machado la Rosa, Adrian"]
[Result "1-0"]
[WhiteElo "2139"]
[BlackElo "2244"]
[PlyCount "65"]
[EventDate "2009.07.23"]
[EventType "swiss"]
[EventRounds "9"]
[EventCountry "CUB"]
[EventCategory "1"]
[SourceTitle "EXT 2018"]
[Source "ChessBase"]
[SourceDate "2017.10.13"]
[SourceVersion "1"]
[SourceVersionDate "2017.10.13"]
[SourceQuality "1"]

1. e4 c5 2. Nf3 e6 3. d4 cxd4 4. Nxd4 Nc6 5. Nc3 Qc7 6. Be3 a6 7. Qd2 Nf6 8. f3 Ne5 9. 0-0-0 Bb4 10. Nb3 b5 11. Kb1 Nc4 12. Bxc4 bxc4 13. Nc1 0-0 14. Bf4 e5 15. Bg5 Ne8 16. Nd5 Bxd2 17. Nxc7 Bxc1 18. Nxa8 Bxg5 19. Nb6 Nc7 20. Nxc4 d6 21. Rxd6 Nb5 22. Rdd1 Be6 23. Nxe5 Rb8 24. Rd3 f6 25. Nc6 Rb6 26. Ne7+ Kf7 27. Nd5 Bxd5 28. exd5 Nd6 29. Rc3 Bf4 30. Rc6 Rb5 31. c4 Rb4 32. b3 h5 33. g3 1-0

[Event "Havana Province-ch sf"]
[Site "Havana"]
[Date "2009.07.30"]
[Round "5"]
[White "Machado la Rosa, Adrian"]
[Black "Agra Caballero, Ariel"]
[Result "1/2-1/2"]
[WhiteElo "2244"]
[BlackElo "2246"]
[PlyCount "26"]
[EventDate "2009.07.23"]
[EventType "swiss"]
[EventRounds "9"]
[EventCountry "CUB"]
[EventCategory "1"]
[SourceTitle "EXT 2018"]
[Source "ChessBase"]
[SourceDate "2017.10.13"]
[SourceVersion "1"]
[SourceVersionDate "2017.10.13"]
[SourceQuality "1"]

1. e4 e5 2. Nf3 Nc6 3. Bb5 a6 4. Ba4 Nf6 5. 0-0 Nxe4 6. d4 exd4 7. Re1 d5 8. Nxd4 Bd6 9. Nc3 Bxh2+ 10. Kxh2 Qh4+ 11. Kg1 Qxf2+ 12. Kh1 Qh4+ 13. Kg1 Qf2+ 1/2-1/2

[Event "Havana Province-ch sf"]
[Site "Havana"]
[Date "2009.07.29"]
[Round "4"]
[White "Infante Machin, Brian Jose"]
[Black "Machado la Rosa, Adrian"]
[Result "1/2-1/2"]
[WhiteElo "2157"]
[BlackElo "2244"]
[PlyCount "85"]
[EventDate "2009.07.23"]
[EventType "swiss"]
[EventRounds "9"]
[EventCountry "CUB"]
[EventCategory "1"]
[SourceTitle "EXT 2018"]
[Source "ChessBase"]
[SourceDate "2017.10.13"]
[SourceVersion "1"]
[SourceVersionDate "2017.10.13"]
[SourceQuality "1"]

1. Nf3 d5 2. g3 c5 3. Bg2 Nc6 4. d4 e6 5. 0-0 Nf6 6. b3 Bd6 7. Bb2 0-0 8. dxc5 Bxc5 9. Ne5 Qb6 10. Nxc6 bxc6 11. e3 a5 12. Nd2 Ba6 13. Re1 Rfd8 14. Bxf6 gxf6 15. Qg4+ Kh8 16. Qh4 Be7 17. Nf3 Qc7 18. Bf1 Bxf1 19. Kxf1 Rab8 20. c3 c5 21. Qh5 Bf8 22. e4 Bg7 23. Qh4 Rd7 24. Rad1 Rbd8 25. exd5 Rxd5 26. Rxd5 Rxd5 27. Qa4 Qd8 28. Qc4 Bf8 29. Kg2 Qd7 30. Re3 Bh6 31. Re1 Qb7 32. Qe4 f5 33. Qa4 Kg7 34. Kg1 Qc7 35. Qc4 Qd6 36. Kg2 e5 37. Nh4 Kf6 38. g4 Qc6 39. Kg1 fxg4 40. Qxg4 Bf4 41. Qf5+ Kg7 42. Qe4 Qe6 43. Nf5+ 1/2-1/2